Pays par arrivées de touristes - Statistiques

Statistiques générales
  • Ce quiz a été pris 99 fois
  • Le résultat moyen est 9 sur 10
Statistiques - réponses
Rang Pays % Correct
3 États-Unis
100%
1 France
100%
2 Espagne
99%
5 Italie
99%
9 Allemagne
91%
4 Chine
91%
10 Royaume-Uni
88%
7 Mexique
80%
6 Turquie
52%
8 Thaïlande
51%
Aucun quiz correspondant
Distribution des résultats
% des personnes avec chaque résultat
Percentile par nombre de réponses
Votre historique - résultats
Vous n’avez pas pris ce quiz